[Event "Veletrzni turnaj 2019"]
[Site "?"]
[Date "2019.08.25"]
[Round "1.1"]
[White "Hrdlicka, Vladan"]
[Black "Vyskocil, Neklan"]
[Result "1/2-1/2"]
[WhiteElo "1774"]
[BlackElo "2306"]
[PlyCount "48"]
[EventDate "2019.??.??"]
[SourceDate "2019.08.26"]

1. e4 c5 2. Nf3 Nc6 3. Bb5 g6 4. Bxc6 dxc6 5. d3 Bg7 6. O-O e5 7. Be3 Qe7 8.
Nc3 Nf6 9. h3 Nh5 10. Qd2 h6 11. a3 Be6 12. b4 cxb4 13. axb4 Qxb4 14. Rfb1 Qe7
15. Rxa7 Rxa7 16. Bxa7 O-O 17. Be3 g5 18. Ne2 b5 19. Qc3 Rc8 20. Bc5 Qf6 21.
Bd6 g4 22. Bxe5 Qe7 23. hxg4 Bxg4 24. d4 Bxe5 1/2-1/2

[Event "Veletrzni turnaj 2019"]
[Site "?"]
[Date "2019.08.26"]
[Round "1.2"]
[White "Pokorny, Petr"]
[Black "Vaculik, Martin"]
[Result "1-0"]
[WhiteElo "2220"]
[BlackElo "1772"]
[PlyCount "34"]
[EventDate "2019.??.??"]
[SourceDate "2019.08.26"]

1. d4 Nf6 2. c4 g6 3. Nc3 Bg7 4. e4 d6 5. f3 O-O 6. Be3 c5 7. dxc5 dxc5 8. Qxd8
Rxd8 9. Bxc5 Nc6 10. Nge2 Nd7 11. Ba3 Nde5 12. Nf4 Nd4 13. O-O-O Bh6 14. g3 Ne6
15. Kb1 g5 16. Nfd5 Nxf3 17. Bxe7 Ned4 1-0

[Event "Veletrzni turnaj 2019"]
[Site "?"]
[Date "2019.08.25"]
[Round "1.3"]
[White "Rehurek, Karel"]
[Black "Dirgas, Josef"]
[Result "0-1"]
[WhiteElo "1743"]
[BlackElo "2114"]
[PlyCount "56"]
[EventDate "2019.08.26"]

1. e4 e5 2. Nf3 Nc6 3. Bc4 Bc5 4. c3 d6 5. d4 exd4 6. cxd4 Bb6 7. Bg5 Nf6 8.
O-O h6 9. Bxf6 Qxf6 10. e5 dxe5 11. dxe5 Qf4 12. Bb5 O-O 13. Qa4 Nd4 14. Nbd2
c6 15. Bc4 Bg4 16. Bb3 Bxf3 17. Nxf3 Nxf3+ 18. gxf3 Qxf3 19. Rae1 Rad8 20. Re4
g5 21. Qb4 Kg7 22. Qe1 Rd2 23. Qxd2 Qxe4 24. Re1 Qg4+ 25. Kh1 Qf3+ 26. Kg1 Rd8
27. Qe2 Qf4 28. Kg2 Rd2 0-1

[Event "Veletrzni turnaj 2019"]
[Site "?"]
[Date "2019.08.26"]
[Round "1.4"]
[White "Jires, Jiri"]
[Black "Haupt, Jaromir"]
[Result "1-0"]
[WhiteElo "2073"]
[BlackElo "1743"]
[PlyCount "56"]
[EventDate "2019.08.26"]
[SourceDate "2019.08.26"]

1. e4 d6 2. d4 Nf6 3. Nc3 g6 4. Be2 Bg7 5. Be3 c6 6. f4 b5 7. e5 Nfd7 8. Nf3
Nb6 9. Nd2 d5 10. a3 a5 11. O-O e6 12. Rf2 h5 13. g4 hxg4 14. Bxg4 Na4 15. Nxa4
bxa4 16. c4 Rh4 17. h3 Bd7 18. c5 Bc8 19. Nf3 Rh8 20. Qxa4 Ba6 21. Qc2 Nd7 22.
Bxe6 Qe7 23. Bg4 f5 24. exf6 Qxf6 25. Re1 Kd8 26. f5 gxf5 27. Bg5 fxg4 28. hxg4
Bd3 1-0

[Event "Veletrzni turnaj 2019"]
[Site "?"]
[Date "2019.08.25"]
[Round "1.5"]
[White "Blazek, Pavel"]
[Black "Sipek, Michal"]
[Result "0-1"]
[WhiteElo "1730"]
[BlackElo "2010"]
[PlyCount "158"]
[EventDate "2019.??.??"]

1. Nf3 Nf6 2. g3 c5 3. Bg2 g6 4. O-O Bg7 5. d4 cxd4 6. Nxd4 O-O 7. c3 d6 8. Bg5
h6 9. Bxf6 Bxf6 10. Na3 Nd7 11. Nc4 Bg7 12. Ne3 Nb6 13. a4 a6 14. a5 Nd7 15.
Ndc2 Rb8 16. Nb4 Ne5 17. Ned5 Nc4 18. Qc2 e6 19. Nb6 Nxb6 20. axb6 Qxb6 21.
Rfd1 Rd8 22. Qa4 Bd7 23. Qa5 Qxa5 24. Rxa5 Bb5 25. Rd2 d5 26. Nc2 Rbc8 27. Ra1
Rc7 28. Na3 Bc6 29. e4 Rcd7 30. exd5 exd5 31. Nc2 Rd6 32. Nd4 Bd7 33. Ra5 Be6
34. Kf1 h5 35. Ra1 Rb6 36. Ra5 Bxd4 37. cxd4 Rc6 38. Ke1 Kf8 39. Ra3 Bg4 40. f3
Bf5 41. Rb3 Rc1+ 42. Kf2 b5 43. Ra3 Rd6 44. f4 Rc4 45. Re3 Be6 46. Re5 Rc1 47.
Bf3 a5 48. f5 Bxf5 49. Rxd5 Rxd5 50. Bxd5 Rc2 51. Ke3 Rxd2 52. Kxd2 Be6 53. Bc6
Bc4 54. Kc3 g5 55. b3 Be2 56. Kd2 Bf1 57. Ke1 Bd3 58. Kd2 Bf1 59. Ke1 Bh3 60.
Bxb5 Be6 61. Ba4 Ke7 62. Kd2 Kd6 63. Kc3 f5 64. Bb5 f4 65. gxf4 gxf4 66. Be8 h4
67. Bb5 Bd5 68. Be2 Bg2 69. Bd3 f3 70. Be4 h3 71. Bxf3 Bxf3 72. b4 a4 73. b5
Kd5 74. b6 Kc6 75. Kb4 Bd1 76. d5+ Kxb6 77. Kc3 Kc5 78. Kd2 a3 79. Kc3 Kxd5 0-1

[Event "Veletrzni turnaj 2019"]
[Site "?"]
[Date "2019.08.25"]
[Round "1.6"]
[White "Straka, Vojtech"]
[Black "Kacalek, Tomas"]
[Result "1-0"]
[WhiteElo "1997"]
[BlackElo "1683"]
[PlyCount "87"]
[EventDate "2019.??.??"]

1. c4 Nf6 2. Nc3 e6 3. Nf3 b6 4. d4 Bb7 5. e3 d5 6. cxd5 Nxd5 7. Bd2 Be7 8. Rc1
O-O 9. a3 c5 10. Bd3 Nd7 11. Nxd5 exd5 12. O-O Rc8 13. Bf5 g6 14. Bxd7 Qxd7 15.
Ne5 Qd6 16. f4 f6 17. Ng4 Rfd8 18. f5 g5 19. Nh6+ Kg7 20. Qh5 Rf8 21. Rf3 Bd8
22. h4 Bc6 23. hxg5 fxg5 24. f6+ Rxf6 25. Qxg5+ Kf8 26. Rcf1 Rxf3 27. Rxf3+ Ke8
28. Qg7 Be7 29. Rf7 Bf8 30. Nf5 Qh2+ 31. Kxh2 Bxg7 32. Nd6+ Kd8 33. Rxg7 Rc7
34. Rxc7 Kxc7 35. Nf7 Be8 36. Ng5 Bg6 37. Kg3 Kd6 38. Kf4 c4 39. Nf3 b5 40.
Bb4+ Ke6 41. Ne5 Be8 42. Kg5 h5 43. Ng6 a6 44. Nf4+ 1-0

[Event "Veletrzni turnaj 2019"]
[Site "?"]
[Date "2019.08.25"]
[Round "1.7"]
[White "Lisik, Miroslav"]
[Black "Mares, Jaroslav"]
[Result "1-0"]
[WhiteElo "1654"]
[BlackElo "1990"]
[PlyCount "67"]
[EventDate "2019.??.??"]

1. e4 e6 2. d4 d5 3. Nd2 Nf6 4. Bd3 c5 5. c3 Nc6 6. e5 Nd7 7. Ne2 Qb6 8. Nf3
cxd4 9. cxd4 f6 10. exf6 Nxf6 11. O-O Bd6 12. b3 O-O 13. Bb2 a5 14. Rc1 a4 15.
Bc2 Nb4 16. Bb1 a3 17. Ba1 Bd7 18. Ne5 Bb5 19. Re1 Rac8 20. Nf4 Bb8 21. Bc3 Na6
22. Nh5 Rc7 23. Nxf6+ gxf6 24. Ng4 Rg7 25. Nh6+ Kh8 26. Qh5 Be8 27. Qh4 Bg6 28.
Re3 Qd6 29. Bxg6 Rxg6 30. Rf3 Qd8 31. Re1 f5 32. Qxd8 Rxd8 33. Nf7+ Kg7 34.
Nxd8 1-0

[Event "Veletrzni turnaj 2019"]
[Site "?"]
[Date "2019.08.25"]
[Round "1.8"]
[White "Nemec, David"]
[Black "Vavrinkova, Anna"]
[Result "1-0"]
[WhiteElo "1982"]
[BlackElo "1652"]
[PlyCount "29"]
[EventDate "2019.??.??"]

1. c4 c6 2. e4 d5 3. exd5 cxd5 4. d4 Nc6 5. Nc3 Nf6 6. Bg5 e6 7. Nf3 Be7 8. c5
O-O 9. Bd3 h6 10. Bh4 Re8 11. O-O b6 12. Bb5 Bd7 13. Qa4 Nb8 14. c6 Bc8 15. c7
1-0

[Event "Veletrzni turnaj 2019"]
[Site "?"]
[Date "2019.08.25"]
[Round "1.9"]
[White "Nisztuk, Michal"]
[Black "Pokladnik, Martin"]
[Result "0-1"]
[WhiteElo "1630"]
[BlackElo "1980"]
[PlyCount "90"]
[EventDate "2019.??.??"]

1. e4 d6 2. d4 Nf6 3. Bd3 e5 4. c3 d5 5. dxe5 Nxe4 6. Bxe4 dxe4 7. Qxd8+ Kxd8
8. Ne2 Nd7 9. a4 Nxe5 10. O-O Bd6 11. Nd2 f5 12. Nb3 Bd7 13. Rd1 h6 14. Nbd4
Ke7 15. Nf4 c6 16. b4 g5 17. Nfe2 Rad8 18. Ng3 Kf6 19. b5 Nc4 20. Ra2 Bxg3 21.
hxg3 Be6 22. Re1 Bd5 23. Rae2 c5 24. Nc2 Ne5 25. Ne3 Nd3 26. c4 Nxe1 27. Nxd5+
Rxd5 28. cxd5 Nd3 29. Bd2 Rd8 30. Bc3+ Kf7 31. f3 exf3 32. gxf3 Rxd5 33. Rh2
Rd6 34. Re2 a6 35. bxa6 Rxa6 36. Re3 c4 37. a5 Re6 38. Rxe6 Kxe6 39. Kf1 h5 40.
Kg2 Nc1 41. Kf2 Na2 42. Bd2 c3 43. Bxg5 c2 44. Ke2 c1=Q 45. Bxc1 Nxc1+ 0-1

[Event "Veletrzni turnaj 2019"]
[Site "?"]
[Date "2019.08.25"]
[Round "1.10"]
[White "Krejci, Petr"]
[Black "Bauer, Miroslav"]
[Result "1-0"]
[WhiteElo "1979"]
[BlackElo "1611"]
[PlyCount "83"]
[EventDate "2019.??.??"]

1. Nf3 c5 2. g3 Nc6 3. Bg2 d6 4. c4 Nf6 5. Nc3 g6 6. e3 Bg7 7. d4 cxd4 8. exd4
O-O 9. d5 Na5 10. Nd2 Qc7 11. Qe2 b6 12. b4 Nb7 13. Bb2 a5 14. a3 e6 15. Nb5
Qb8 16. O-O exd5 17. cxd5 Re8 18. Qd1 Bd7 19. Nd4 axb4 20. axb4 Rxa1 21. Bxa1
Qa7 22. Nc6 Qa2 23. Bd4 Nxd5 24. Bxg7 Kxg7 25. Nb3 Bxc6 26. Bxd5 Qa4 27. Qd4+
f6 28. Bxc6 Qxc6 29. Rc1 Qb5 30. Rc7+ Kg8 31. Nd2 Re1+ 32. Kg2 Re6 33. Ne4 Qe5
34. Qxe5 fxe5 35. Rxb7 d5 36. Ng5 Rd6 37. Nf7 Re6 38. Rd7 d4 39. Ng5 Re8 40.
Nxh7 Kh8 41. Nf6 Re6 42. Rh7# 1-0

[Event "Veletrzni turnaj 2019"]
[Site "?"]
[Date "2019.08.25"]
[Round "1.11"]
[White "Dvoracek, Jan Matyas"]
[Black "Petlan, Ivan"]
[Result "1-0"]
[WhiteElo "1574"]
[BlackElo "1951"]
[PlyCount "49"]
[EventDate "2019.??.??"]
[SourceDate "2019.08.26"]

1. Nf3 Nf6 2. d4 c5 3. c3 cxd4 4. cxd4 d5 5. Nc3 Nc6 6. a3 Bf5 7. Bf4 Qb6 8. b4
e6 9. e3 Be7 10. Na4 Qd8 11. Nc5 Bxc5 12. bxc5 Ne4 13. Nd2 Qa5 14. f3 Nf6 15.
Qb3 b6 16. Bb5 Rc8 17. Qa4 Qxa4 18. Bxa4 Nd7 19. Bd6 Bd3 20. Rc1 b5 21. Rc3 Bc4
22. Nxc4 bxc4 23. Kd2 e5 24. dxe5 Ndxe5 25. Bxe5 1-0

[Event "Veletrzni turnaj 2019"]
[Site "?"]
[Date "2019.08.25"]
[Round "1.12"]
[White "Snorek, Milan"]
[Black "Krystl, Jaromir"]
[Result "1-0"]
[WhiteElo "1949"]
[BlackElo "1548"]
[PlyCount "38"]
[EventDate "2019.??.??"]

1. d4 Nf6 2. c4 g6 3. g3 Bg7 4. Bg2 O-O 5. Nc3 d6 6. Nf3 Nc6 7. h3 a6 8. O-O
Rb8 9. a4 Na5 10. b3 c5 11. Re1 b5 12. axb5 axb5 13. Nxb5 Ne4 14. Ng5 Rxb5 15.
Nxe4 Bxd4 16. Ra3 Rb8 17. Bh6 Bb2 18. Ra2 Bg7 19. Bxg7 Kxg7 1-0

[Event "Veletrzni turnaj 2019"]
[Site "?"]
[Date "2019.08.25"]
[Round "1.13"]
[White "Kriz, Tomas"]
[Black "Glozar, Petr"]
[Result "1-0"]
[WhiteElo "1521"]
[BlackElo "1903"]
[PlyCount "115"]
[EventDate "2019.??.??"]

1. e4 c5 2. c3 Nf6 3. e5 Nd5 4. d4 cxd4 5. cxd4 Nc6 6. Nf3 d6 7. exd6 e6 8. Nc3
Nxc3 9. bxc3 Bxd6 10. Bd3 h6 11. O-O O-O 12. Bc2 e5 13. Re1 Qc7 14. Qd3 g6 15.
Bxh6 Rd8 16. Bg5 Bf5 17. Bxd8 Rxd8 18. Qe2 Bxc2 19. Qxc2 Nxd4 20. Qd3 Nxf3+ 21.
Qxf3 Rc8 22. Rad1 e4 23. Rxe4 Bxh2+ 24. Kh1 Be5 25. c4 Kg7 26. Rh4 Bf6 27. Re4
b6 28. Kg1 Rd8 29. Rxd8 Qxd8 30. Qe2 Qc7 31. Re8 Qf4 32. g3 Qd4 33. Qf1 Qd7 34.
Qe2 Qc6 35. Rb8 Bd4 36. Qe8 Qxe8 37. Rxe8 Kf6 38. Kf1 a5 39. Ke2 Kf5 40. Ra8 f6
41. Re8 g5 42. f3 Bc5 43. g4+ Kg6 44. Kd3 Kf7 45. Re2 Bg1 46. Kc3 Bc5 47. Kb3
f5 48. Ka4 fxg4 49. fxg4 Kf6 50. Kb5 Bd4 51. Kc6 a4 52. Kd5 Bc5 53. Re6+ Kf7
54. Ke5 Be3 55. Kf5 Bd4 56. Rc6 Be3 57. Rf6+ Kg7 58. Re6 1-0

[Event "Veletrzni turnaj 2019"]
[Site "?"]
[Date "2019.08.25"]
[Round "1.14"]
[White "Zuziak, Petr"]
[Black "Tajovsky, Simon"]
[Result "1-0"]
[WhiteElo "1900"]
[BlackElo "1494"]
[PlyCount "45"]
[EventDate "2019.??.??"]
[SourceDate "2019.08.26"]

1. d4 Nf6 2. Nf3 c5 3. e3 d5 4. b3 e6 5. Nbd2 Nc6 6. Bd3 cxd4 7. exd4 Bb4 8.
Bb2 O-O 9. O-O b6 10. Ne5 Bb7 11. f4 Rc8 12. c3 Be7 13. Qe2 Qc7 14. Rf3 Bd6 15.
Rh3 Ne7 16. Bxh7+ Kh8 17. Ndf3 Neg8 18. Bxg8+ Kxg8 19. Qf2 Rfe8 20. Qh4 Kf8 21.
Qh8+ Ke7 22. Qxg7 Rf8 23. Ng6+ 1-0

[Event "Veletrzni turnaj 2019"]
[Site "?"]
[Date "2019.08.25"]
[Round "1.15"]
[White "Brychta, Jan"]
[Black "Pavlik, Vladimir"]
[Result "1-0"]
[WhiteElo "1457"]
[BlackElo "2040"]
[PlyCount "101"]
[EventDate "2019.??.??"]
[SourceDate "2019.08.26"]

1. Nf3 Nf6 2. g3 d5 3. Bg2 e6 4. c4 Nbd7 5. b3 Bd6 6. O-O O-O 7. Bb2 a6 8. Qc2
b6 9. cxd5 exd5 10. Nd4 c5 11. Nf5 Bc7 12. d4 Bb7 13. Nd2 Re8 14. Rfe1 Rc8 15.
Rad1 Bb8 16. Qb1 g6 17. Nh4 Ne4 18. Nxe4 dxe4 19. dxc5 bxc5 20. Bh3 Bc6 21. Ng2
f5 22. Qc1 Be5 23. Qc4+ Kg7 24. Bxe5+ Rxe5 25. Nf4 Qf6 26. Qxa6 Ree8 27. e3 Ra8
28. Qe2 Ne5 29. Bg2 Nf3+ 30. Bxf3 exf3 31. Qc2 Be4 32. Rd7+ Re7 33. Rxe7+ Qxe7
34. Qc3+ Kh6 35. a4 g5 36. Nd3 Rc8 37. Ne5 Qe8 38. Rd1 Qe6 39. Rd6 Qxd6 40.
Nf7+ Kg6 41. Nxd6 Rd8 42. Qe5 Kh5 43. h3 Bc2 44. g4+ fxg4 45. hxg4+ Kxg4 46.
Qg3+ Kh5 47. Nf7 Rg8 48. Ne5 g4 49. Qh2+ Kg5 50. Qf4+ Kh5 51. Qf7+ 1-0

[Event "Veletrzni turnaj 2019"]
[Site "?"]
[Date "2019.08.25"]
[Round "1.16"]
[White "Stehlik, Jiri"]
[Black "Sojka, Oldrich"]
[Result "1-0"]
[WhiteElo "1886"]
[BlackElo "1447"]
[PlyCount "109"]
[EventDate "2019.??.??"]

1. c4 e5 2. Nc3 Nf6 3. g3 Nc6 4. Bg2 a6 5. Nf3 Bc5 6. O-O d6 7. d3 h6 8. a3 Bg4
9. b4 Ba7 10. h3 Bd7 11. e4 Qc8 12. Kh2 O-O 13. Nd5 Qd8 14. Be3 Bxe3 15. fxe3
Nxd5 16. cxd5 Ne7 17. d4 Ng6 18. dxe5 dxe5 19. Rf2 Qe7 20. Nd2 Rad8 21. Qb3 b5
22. Rc1 Rc8 23. Qb2 c6 24. Nb3 Qd6 25. Nc5 cxd5 26. exd5 Rb8 27. e4 Bc8 28. Qc2
Ne7 29. Qb3 f5 30. Nd3 f4 31. gxf4 exf4 32. e5 Qg6 33. d6+ Be6 34. Qd1 Qg3+ 35.
Kg1 Nd5 36. Nc5 Ne3 37. Qf3 Qg6 38. Nxe6 Qxe6 39. Qe4 Nxg2 40. Kxg2 Rf5 41. Rc5
Rg5+ 42. Kh2 Rg3 43. Qd5 Rxh3+ 44. Kg2 Rg3+ 45. Kf1 Qxd5 46. Rxd5 g5 47. e6 Re3
48. Re2 Rxe2 49. Kxe2 Kf8 50. Kf3 Rc8 51. e7+ Kf7 52. d7 Rc3+ 53. Ke4 Re3+ 54.
Kd4 Re1 55. d8=Q 1-0

[Event "Veletrzni turnaj 2019"]
[Site "?"]
[Date "2019.08.26"]
[Round "1.17"]
[White "Ulcak, Michael"]
[Black "Vavrinkova, Eliska"]
[Result "0-1"]
[WhiteElo "1443"]
[BlackElo "1873"]
[PlyCount "80"]
[EventDate "2019.??.??"]
[SourceDate "2019.08.26"]

1. e4 c6 2. d4 d5 3. Nc3 dxe4 4. Nxe4 Nf6 5. Ng3 Qc7 6. Nf3 Bg4 7. h3 Bxf3 8.
Qxf3 e6 9. Bd3 Bd6 10. Ne4 Nxe4 11. Qxe4 Nd7 12. a3 Nf6 13. Qf3 h6 14. c4 O-O-O
15. Bd2 e5 16. dxe5 Bxe5 17. Rb1 g5 18. b4 Rhe8 19. O-O Rd4 20. c5 g4 21. hxg4
Kb8 22. Bc3 Rxg4 23. Bxe5 Qxe5 24. Rfe1 Qg5 25. Rxe8+ Nxe8 26. Re1 Nc7 27. Be2
f5 28. Bf1 Nd5 29. Qd3 Qf6 30. Qe2 Re4 31. Qd2 Rg4 32. Qe2 Rg8 33. Qe5+ Qxe5
34. Rxe5 Rg5 35. g3 Kc7 36. Bg2 f4 37. Rxg5 hxg5 38. Be4 b6 39. Kf1 Nc3 40. Bd3
bxc5 0-1

[Event "Veletrzni turnaj 2019"]
[Site "?"]
[Date "2019.08.25"]
[Round "1.18"]
[White "Licka, Vlastimil"]
[Black "Keprt, Tomas"]
[Result "1-0"]
[WhiteElo "1872"]
[BlackElo "1438"]
[PlyCount "43"]
[EventDate "2019.??.??"]

1. e4 c5 2. Nf3 Nc6 3. d4 cxd4 4. Nxd4 g6 5. Nc3 Bg7 6. Be3 Nf6 7. Bc4 O-O 8.
Qd2 Ng4 9. Nxc6 bxc6 10. Bf4 Qb6 11. Bb3 Bd4 12. Bg3 c5 13. Nd5 Qd8 14. c3 Be5
15. f3 e6 16. fxg4 Bxg3+ 17. hxg3 exd5 18. Qh6 Re8 19. Qxh7+ Kf8 20. Qh8+ Ke7
21. Qe5+ Kf8 22. Rh8# 1-0

[Event "Veletrzni turnaj 2019"]
[Site "Brno"]
[Date "2019.08.25"]
[Round "1.19"]
[White "Habinova, Alice"]
[Black "Spodny, Josef"]
[Result "1/2-1/2"]
[WhiteElo "1356"]
[BlackElo "1856"]
[PlyCount "42"]
[EventDate "2019.08.25"]

1. e4 e5 2. f4 d5 3. exd5 exf4 4. Nf3 Nf6 5. Bc4 Be7 6. Nc3 O-O 7. d4 Nbd7 8.
Bxf4 Nb6 9. Bd3 Nbxd5 10. Nxd5 Nxd5 11. Bd2 Bh4+ 12. g3 Re8+ 13. Be2 Bg4 14.
O-O Bf6 15. c3 Ne3 16. Bxe3 Rxe3 17. Qd2 Qe7 18. Rae1 Re8 19. Bd1 Bxf3 20. Rxe3
Qxe3+ 21. Qxe3 Rxe3 1/2-1/2

[Event "Veletrzni turnaj 2019"]
[Site "Brno"]
[Date "2019.08.25"]
[Round "1.20"]
[White "Krupica, Pavel"]
[Black "Zaza, Martin"]
[Result "1-0"]
[WhiteElo "1856"]
[BlackElo "1234"]
[PlyCount "61"]
[EventDate "2019.08.25"]

1. e4 d5 2. exd5 Nf6 3. d4 Nxd5 4. c4 Nf6 5. Nc3 e6 6. Nf3 Be7 7. Be2 O-O 8.
O-O h6 9. Re1 b6 10. Ne5 Bb7 11. Bf3 Bxf3 12. Qxf3 c6 13. Be3 Qc8 14. Rac1 Nfd7
15. Ng4 Bg5 16. d5 Bxe3 17. Qxe3 h5 18. Nh6+ Kh7 19. Nxf7 exd5 20. Ng5+ Kh8 21.
cxd5 Nf6 22. d6 Qf5 23. Qe5 Qg4 24. h3 Qb4 25. Nce4 Nbd7 26. Qf5 Rae8 27. a3
Qxb2 28. Rxc6 Re5 29. Qg6 Ree8 30. Nf7+ Kg8 31. Nxf6+ 1-0

[Event "Veletrzni turnaj 2019"]
[Site "Brno"]
[Date "2019.08.25"]
[Round "1.21"]
[White "Zezula, Jakub"]
[Black "Marsa, Alexandr"]
[Result "0-1"]
[WhiteElo "1213"]
[BlackElo "1853"]
[PlyCount "68"]
[EventDate "2019.08.25"]

1. e4 e6 2. d4 d5 3. e5 c5 4. c3 Nc6 5. Be3 Nge7 6. Bd3 cxd4 7. cxd4 Qb6 8. Qd2
Nf5 9. Bxf5 exf5 10. Ne2 Be6 11. O-O h6 12. Nbc3 g5 13. f4 Be7 14. Rfd1 g4 15.
a3 Na5 16. Qc2 Qb3 17. Qxb3 Nxb3 18. Rab1 Rc8 19. Nc1 Na5 20. Nd3 Nc4 21. Bf2
b6 22. g3 Nxb2 23. Rxb2 Rxc3 24. Nb4 Rxa3 25. Nc6 Kd7 26. Nxe7 Kxe7 27. Rc1 Rc8
28. Rxc8 Bxc8 29. Be1 Ra1 30. Kf2 Ba6 31. Bc3 Bc4 32. Bb4+ Kd7 33. Bc3 b5 34.
Rb4 Ra2+ 0-1

[Event "Veletrzni turnaj 2019"]
[Site "Brno"]
[Date "2019.08.25"]
[Round "1.22"]
[White "Wunsch, Radek"]
[Black "Zezula, Matej"]
[Result "1-0"]
[WhiteElo "1833"]
[BlackElo "1026"]
[PlyCount "49"]
[EventDate "2019.08.25"]

1. e4 e5 2. Nf3 Nc6 3. Bb5 Nf6 4. d3 Bc5 5. Bxc6 dxc6 6. Nbd2 O-O 7. O-O Ng4 8.
h3 Nh6 9. Nxe5 Qd6 10. Ndc4 Qd8 11. Qh5 f6 12. Nxc6 bxc6 13. Qxc5 f5 14. Qxc6
Bd7 15. Qd5+ Kh8 16. Ne5 Be8 17. Qxd8 Rxd8 18. Bxh6 gxh6 19. Rfe1 fxe4 20. Rxe4
Rd5 21. Rae1 Rd8 22. f4 Bh5 23. g4 Be8 24. Kf2 h5 25. g5 1-0

[Event "Veletrzni turnaj 2019"]
[Site "Brno"]
[Date "2019.08.25"]
[Round "2.1"]
[White "Vavrinkova, Eliska"]
[Black "Pokorny, Petr"]
[Result "0-1"]
[WhiteElo "1873"]
[BlackElo "2220"]
[PlyCount "89"]
[EventDate "2019.08.25"]

1. d4 d5 2. Nf3 e6 3. c4 c6 4. Nc3 dxc4 5. e4 b5 6. a4 Bb4 7. Bg5 Ne7 8. Be2
Bb7 9. Qc2 a6 10. O-O h6 11. Bh4 Qb6 12. Rad1 Ng6 13. Bg3 O-O 14. e5 Nd7 15.
Kh1 Bxc3 16. bxc3 c5 17. Rb1 Bd5 18. Rfd1 Qc6 19. axb5 axb5 20. dxc5 Be4 21.
Qb2 Bxb1 22. Qxb1 Nxc5 23. Nd4 Qa6 24. Qxb5 Qxb5 25. Nxb5 Nd3 26. Bxd3 cxd3 27.
h4 Ra5 28. c4 Rc8 29. Nd6 Rc6 30. f4 Ra3 31. Nb5 Ra2 32. h5 Ne7 33. Rxd3 Nf5
34. Nd6 Raa6 35. Nxf5 exf5 36. Rd8+ Kh7 37. Rd7 f6 38. exf6 Rxf6 39. Bf2 Rfd6
40. Rxd6 Rxd6 41. g3 Rd1+ 42. Kg2 Rc1 43. c5 Rc2 44. Kf3 Kg8 45. Bd4 0-1

[Event "Veletrzni turnaj 2019"]
[Site "Brno"]
[Date "2019.08.25"]
[Round "2.2"]
[White "Dirgas, Josef"]
[Black "Licka, Vlastimil"]
[Result "1-0"]
[WhiteElo "2114"]
[BlackElo "1872"]
[PlyCount "29"]
[EventDate "2019.08.25"]

1. Nf3 Nf6 2. g3 d6 3. d4 c6 4. Bg2 Bg4 5. h3 Bh5 6. O-O h6 7. b3 Nbd7 8. Bb2
Qc7 9. c4 g5 10. Nc3 Bg7 11. d5 Ne4 12. Nd4 Nxc3 13. Bxc3 Nb8 14. dxc6 Nxc6 15.
Nb5 1-0

[Event "Veletrzni turnaj 2019"]
[Site "Brno"]
[Date "2019.08.25"]
[Round "2.3"]
[White "Krupica, Pavel"]
[Black "Jires, Jiri"]
[Result "1/2-1/2"]
[WhiteElo "1856"]
[BlackElo "2073"]
[PlyCount "74"]
[EventDate "2019.08.25"]

1. e4 e5 2. Nf3 Nc6 3. d4 exd4 4. Nxd4 Nf6 5. Nc3 Bb4 6. Nxc6 bxc6 7. Bd3 d5 8.
exd5 cxd5 9. O-O O-O 10. Bg5 c6 11. Qf3 h6 12. Bxf6 Qxf6 13. Qxf6 gxf6 14. Ne2
Re8 15. c3 Bf8 16. Rfe1 Rb8 17. b3 Bd7 18. Ng3 c5 19. Kf1 a5 20. Rxe8 Bxe8 21.
Nh5 Rb6 22. Re1 Bd7 23. c4 d4 24. Nf4 a4 25. Nd5 Ra6 26. Nc7 Rc6 27. Nd5 axb3
28. axb3 Ra6 29. Ne7+ Kg7 30. Nf5+ Kh8 31. Ng3 Rb6 32. Rb1 Kg8 33. Ke2 Be6 34.
Be4 Ra6 35. Rb2 Bg7 36. Nf5 Rb6 37. Kd3 Bf8 1/2-1/2

[Event "Veletrzni turnaj 2019"]
[Site "Brno"]
[Date "2019.08.25"]
[Round "2.4"]
[White "Sipek, Michal"]
[Black "Wunsch, Radek"]
[Result "1/2-1/2"]
[WhiteElo "2010"]
[BlackElo "1833"]
[PlyCount "61"]
[EventDate "2019.08.25"]

1. Nf3 d5 2. g3 c5 3. Bg2 Nc6 4. O-O Nf6 5. d3 e5 6. c3 Be7 7. Na3 O-O 8. Nc2
Re8 9. Bd2 e4 10. dxe4 Nxe4 11. Be3 Bf5 12. Nd2 Bf8 13. Nb3 b6 14. Bf4 g5 15.
Bc1 Bg7 16. f3 Nxc3 17. bxc3 Bxc3 18. Rb1 Qe7 19. Rf2 Rad8 20. Bd2 Bf6 21. Rc1
c4 22. Ne3 Bg6 23. Ng4 Bg7 24. Bc3 d4 25. Ba1 cxb3 26. Rxc6 h5 27. Qxb3 Kh7 28.
Qc4 hxg4 29. f4 d3 30. Rxg6 fxg6 31. exd3 1/2-1/2

[Event "Veletrzni turnaj 2019"]
[Site "Brno"]
[Date "2019.08.25"]
[Round "2.5"]
[White "Marsa, Alexandr"]
[Black "Straka, Vojtech"]
[Result "1/2-1/2"]
[WhiteElo "1853"]
[BlackElo "1997"]
[PlyCount "40"]
[EventDate "2019.08.25"]

1. d4 c6 2. c4 d5 3. Nc3 Nf6 4. e3 g6 5. Be2 Bg7 6. Nf3 O-O 7. h3 Nbd7 8. cxd5
cxd5 9. O-O a6 10. Qb3 e6 11. Bd2 Ne4 12. Rfc1 Ndf6 13. Be1 Nd6 14. a4 Nfe4 15.
a5 Nxc3 16. Bxc3 Re8 17. Bb4 b5 18. axb6 Qxb6 19. Qa3 Nb5 20. Qa5 Qxa5 1/2-1/2

[Event "Veletrzni turnaj 2019"]
[Site "Brno"]
[Date "2019.08.25"]
[Round "2.6"]
[White "Tajovsky, Matej"]
[Black "Nemec, David"]
[Result "1/2-1/2"]
[WhiteElo "1819"]
[BlackElo "1982"]
[PlyCount "94"]
[EventDate "2019.08.25"]

1. e4 d6 2. Nf3 Nf6 3. Nc3 e5 4. d4 Nbd7 5. Bc4 Be7 6. O-O O-O 7. a4 a5 8. Re1
c6 9. Ba2 Qc7 10. Nh4 Nb6 11. dxe5 dxe5 12. Nf5 Bxf5 13. exf5 Bb4 14. Qf3 Kh8
15. Re2 Nfd5 16. Nxd5 cxd5 17. c3 e4 18. Qh3 Be7 19. Be3 Rad8 20. Rd1 Nc4 21.
Bd4 f6 22. f3 exf3 23. Qxf3 Bd6 24. g4 Qc6 25. Bb3 b5 26. axb5 Qxb5 27. Bxc4
dxc4 28. g5 Be5 29. Rdd2 Bxd4+ 30. cxd4 fxg5 31. Re5 Qb6 32. Qc3 Rde8 33. Rxe8
Rxe8 34. Qxc4 h6 35. b3 Qb8 36. Kf1 Rc8 37. Qd3 Rc1+ 38. Kg2 Qf4 39. h3 g4 40.
h4 g3 41. Re2 Kg8 42. Qe4 Qf1+ 43. Kxg3 Rc3+ 44. Kg4 Qh3+ 45. Kh5 Qf3+ 46. Qxf3
Rxf3 47. Re5 Rxb3 1/2-1/2

[Event "Veletrzni turnaj 2019"]
[Site "Brno"]
[Date "2019.08.25"]
[Round "2.7"]
[White "Pokladnik, Martin"]
[Black "Veznik, Michael"]
[Result "1-0"]
[WhiteElo "1980"]
[BlackElo "1811"]
[PlyCount "103"]
[EventDate "2019.08.25"]

1. e4 c5 2. Nf3 b6 3. d4 cxd4 4. Nxd4 Bb7 5. Nc3 g6 6. Bc4 Nc6 7. Nxc6 dxc6 8.
Qf3 Nf6 9. O-O e5 10. Bg5 Bg7 11. Rad1 Qe7 12. Rd2 O-O 13. Rfd1 Rad8 14. a3 h6
15. Bh4 Rxd2 16. Rxd2 Rd8 17. Rxd8+ Qxd8 18. Kf1 Bc8 19. h3 g5 20. Bg3 Qd4 21.
Qd3 g4 22. hxg4 Nxg4 23. Qxd4 exd4 24. Ne2 b5 25. Bd3 Ne5 26. Bxe5 Bxe5 27. f4
Bg7 28. e5 c5 29. Bxb5 Be6 30. Ng3 Bd5 31. Bd7 Be6 32. Bxe6 fxe6 33. Ke2 Kf7
34. Kd3 Kg6 35. b4 Bf8 36. b5 Be7 37. a4 Bd8 38. Ne4 Bb6 39. g4 h5 40. gxh5+
Kxh5 41. Nd6 Kg6 42. Nc4 Bc7 43. Ke4 Kf7 44. a5 Ke7 45. f5 exf5+ 46. Kxf5 Bb8
47. b6 axb6 48. Nxb6 Ke8 49. Ke6 Bc7 50. Nc4 Bb8 51. Kd5 Ba7 52. Kc6 1-0

[Event "Veletrzni turnaj 2019"]
[Site "Brno"]
[Date "2019.08.25"]
[Round "2.8"]
[White "Lisik, Miroslav"]
[Black "Krejci, Petr"]
[Result "0-1"]
[WhiteElo "1654"]
[BlackElo "1979"]
[PlyCount "117"]
[EventDate "2019.08.25"]

1. e4 d5 2. exd5 Qxd5 3. Nc3 Qa5 4. Bc4 Nf6 5. d3 Bg4 6. f3 Bh5 7. g4 Bg6 8. h4
h5 9. g5 Nfd7 10. Bd2 c6 11. Qe2 Qc7 12. f4 Bf5 13. Nf3 b5 14. Bb3 Nc5 15.
O-O-O a5 16. a4 b4 17. Ne4 Nxb3+ 18. cxb3 Nd7 19. Kb1 g6 20. Rc1 Bg7 21. Rc2
O-O 22. Rhc1 Ra6 23. Be3 Qb7 24. Nd4 Bg4 25. Qf2 Rc8 26. Nc5 Nxc5 27. Rxc5 Qd7
28. R5c4 Qd5 29. Qc2 Bxd4 30. Rxd4 Qf3 31. Qf2 Qxf2 32. Bxf2 Be6 33. Kc2 Kf8
34. Re1 Bd5 35. f5 gxf5 36. Rf4 Be6 37. g6 c5 38. gxf7 Kxf7 39. Rg1 Bd7 40. Rf3
Rg6 41. Rxg6 Kxg6 42. Rg3+ Kf6 43. Rg5 Be8 44. Be3 e5 45. Rg8 f4 46. Bf2 Ke7
47. Kd2 Kd6 48. Be1 Bd7 49. Rxc8 Bxc8 50. Bf2 Kd5 51. Bg1 Bf5 52. Bf2 e4 53.
dxe4+ Bxe4 54. Bg1 Bh1 55. Bf2 Bg2 56. Kc2 f3 57. Be3 c4 58. bxc4+ Kxc4 59. Bf2
0-1